000 00196nam a2200085Ia 4500
008 230915s9999 xx 000 0 und d
050 _aQH308.7.T66 1982
245 0 _a'O' GRADE BIOLOGY
942 _cBK
999 _c191702
_d191702